| Поле | Инд. | ПП | Название | Значение |
|---|---|---|---|---|
| Тип записи | a | |||
| Библиографический уровень | a | |||
| 001 | Контрольный номер | 4568b5b386db4019844072b05e743abb | ||
| 005 | Дата корректировки | 20230202082702.8 | ||
| 020 | a | ISBN | 978-5-905436-40-6 | |
| 040 | a | Служба первич. каталог. | НБ ТвГУ | |
| b | Код языка каталог. | rus | ||
| e | Правила каталог. | PSBO | ||
| 041 | 0_ | a | Код языка текста | rus |
| 097 | b | Оператор | Komarova.ES | |
| 100 | 1_ | a | Автор | Мусарыгина Е. А. |
| 245 | 10 | a | Заглавие | Аттестация кадров как фактор системы командообразования в социально-культурной сфере |
| 260 | a | Место издания | Орел | |
| b | Издательство | Орловский государственный институт культуры | ||
| 504 | a | Библиография | Библиогр.: с. 53-54 (4 назв.) | |
| 520 | 0_ | a | Аннотация | Автором показана суть аттестационной экспертизы деятельности учреждений социально-культурной сферы как средства повышения эффективности командообразования в организациях. |
| 653 | 0_ | a | Ключевые слова | Орел, город |
| a | Ключевые слова | Командообразование | ||
| a | Ключевые слова | Аттестация кадров | ||
| a | Ключевые слова | Социально-культурная сфера | ||
| a | Ключевые слова | Аттестационная экспертиза | ||
| 773 | 18 | w | Контрольный № источника | b8a87b59c63b48aca044965cc567c8b2 |
| t | Название источника | Культура, наука и искусство - современные векторы развития вуза культуры | ||
| d | Место и дата издания | Орел : Орловский государственный институт культуры, 2020 | ||
| g | Прочая информация | С. 51-54 | ||
| 901 | t | Тип документа | a | |
| 920 | a | Оператор | Кома | |
| 954 | b | Дата поступления в ОК | 20230202 |